| 000 | 00499nam a2200193 a 4500 | ||
|---|---|---|---|
| 005 | 20140310183455.0 | ||
| 008 | 090807s19uu xx 00 eng d | ||
| 020 | _a0071137777 | ||
| 050 |
_aRC 457 _b.P78 1995 |
||
| 100 | _aWoods, Sherwyn M. | ||
| 245 |
_aPre test : _bpsychiatry. / _cSherwyn M. Woods. |
||
| 250 | _a7th ed. | ||
| 260 |
_aNew York : _bMcGraw-Hill, _c1995. |
||
| 300 |
_a213 p. : _c22 cm. |
||
| 521 | _aNUR | ||
| 650 | _aPsychiatry. | ||
| 942 |
_cBK _2lcc _kFOR |
||
| 999 |
_c23593 _d23593 |
||